Stroj alebo myseľ? Verifikácia autorstva textu vo veku generatívnej umelej inteligencie

Guardado en:
Detalles Bibliográficos
Autor principal: Máthé, Adam (Autor)
Otros Autores: Petrík, Juraj (Orientador)
Formato: Manuscrito Libro
Lenguaje:eslovaco
Publicado: 2025
Materias:
Acceso en línea:http://is.stuba.sk/zp/portal_zp.pl?podrobnosti=183600
Etiquetas: Agregar Etiqueta
Sin Etiquetas, Sea el primero en etiquetar este registro!

MARC

LEADER 00000ntm a22000003a 4500
001 stuzp105786
003 SK-STU
005 20250607211607.0
007 ta
008 150427s2015----xo-----f-mn---000-0-slo-d
040 |a STU  |b slo 
041 0 |a slo 
100 1 |a Máthé, Adam  |u 070200  |4 aut  |U FIIT Fakulta informatiky a informačných technológií  |T FIIT Ústav informatiky, informačných systémov a softvérového inžinierstva  |X 103045  |U I200  |Y 179  |7 103045 
242 0 1 |a Machine or Mind? Authorship text verification in the age of generative AI  |y eng 
245 1 0 |a Stroj alebo myseľ? Verifikácia autorstva textu vo veku generatívnej umelej inteligencie 
260 |c 2025 
650 4 |a stylometry  |2 eng 
650 4 |a machine learning  |2 eng 
650 4 |a autorship verification  |2 eng 
650 4 |a large language model  |2 eng 
650 4 |a veľký jazykový model  |2 slo 
650 4 |a stylometria  |2 slo 
650 4 |a strojové učenie  |2 slo 
650 4 |a verifikácia autorstva  |2 slo 
700 1 |a Petrík, Juraj  |u 070200  |k Z3  |4 ths  |U FIIT Fakulta informatiky a informačných technológií  |T FIIT Ústav informatiky, informačných systémov a softvérového inžinierstva  |X 5731  |U I200  |Y 179  |7 A000005731 
856 4 |u http://is.stuba.sk/zp/portal_zp.pl?podrobnosti=183600